[Event "5th Cairns Cup 2025"]
[Site "Saint Louis USA"]
[Date "2025.06.10"]
[Round "1.3"]
[White "Assaubayeva, Bibisara"]
[Black "Muzychuk, Mariya"]
[Result "1-0"]
[WhiteTitle "IM"]
[BlackTitle "GM"]
[WhiteElo "2509"]
[BlackElo "2492"]
[WhiteFideId "13708694"]
[BlackFideId "14114550"]
[EventDate "2025.06.10"]

1. e4 c6 2. d4 d5 3. e5 Bf5 4. h4 h5 5. c4 e6 6. Nc3 dxc4 7. Bxc4 Nd7 8. Nf3 Bg4
9. Be2 Ne7 10. Ng5 Bxe2 11. Nxe2 c5 12. O-O cxd4 13. Nxd4 Ng6 14. Qa4 Nxe5 15.
Bf4 Bd6 16. Rfd1 Qe7 17. Bxe5 Bxe5 18. Ndf3 Bd6 19. Ne4 Bc7 20. Rac1 Bf4 21. Rc3
a6 22. Nc5 b5 23. Qe4 Rd8 24. Qxf4 O-O 25. Nb7 Rc8 26. Rc7 e5 27. Qc1 1-0

[Event "5th Cairns Cup 2025"]
[Site "Saint Louis USA"]
[Date "2025.06.11"]
[Round "2.1"]
[White "Dzagnidze, Nana"]
[Black "Assaubayeva, Bibisara"]
[Result "1-0"]
[WhiteTitle "GM"]
[BlackTitle "IM"]
[WhiteElo "2505"]
[BlackElo "2509"]
[WhiteFideId "13601903"]
[BlackFideId "13708694"]
[EventDate "2025.06.10"]

1. d4 Nf6 2. c4 c6 3. Nf3 d5 4. Qb3 e6 5. Bg5 Nbd7 6. e3 h6 7. Bh4 Be7 8. Nc3
O-O 9. Rc1 b6 10. cxd5 exd5 11. Bd3 Bb7 12. O-O Ne4 13. Bg3 Nxg3 14. hxg3 Nf6
15. Rfe1 Rb8 16. Bb1 c5 17. Qc2 Re8 18. Rcd1 Qc8 19. dxc5 bxc5 20. Nxd5 Bxd5 21.
Rxd5 Rxb2 22. Qxb2 Nxd5 23. e4 Nc7 24. Bd3 Ne6 25. Bc4 Qc7 26. Rb1 Bd6 27. Qc3
Rb8 28. Rxb8+ Qxb8 29. Qd3 Bf8 30. Bb3 Qd6 31. Bd5 Be7 32. Qb5 Nc7 33. Qb8+ Qd8
34. Qxa7 Nxd5 35. exd5 Bf8 36. Qb7 Qf6 37. Qb3 Qa1+ 38. Kh2 Qf1 39. Qc2 c4 40.
Ne5 c3 41. Qxc3 Qxf2 42. Qc8 Qd4 43. Nd7 Qxd5 44. Qxf8+ Kh7 45. Qe7 Qh5+ 46. Qh4
Qd5 47. Qa4 Qh5+ 48. Kg1 Qd5 49. Qc2+ Kg8 50. Qc8+ Kh7 51. Nf8+ Kg8 52. Ne6+ Kh7
53. Qc2+ g6 54. Nf4 Qd4+ 55. Kh2 1-0

[Event "5th Cairns Cup 2025"]
[Site "Saint Louis USA"]
[Date "2025.06.11"]
[Round "2.2"]
[White "Muzychuk, Mariya"]
[Black "Lee, Alice"]
[Result "0-1"]
[WhiteTitle "GM"]
[BlackTitle "IM"]
[WhiteElo "2492"]
[BlackElo "2389"]
[WhiteFideId "14114550"]
[BlackFideId "30941822"]
[EventDate "2025.06.10"]

1. e4 c5 2. Nf3 Nc6 3. Bb5 d6 4. O-O Bd7 5. Re1 a6 6. Bxc6 Bxc6 7. d4 cxd4 8.
Nxd4 Rc8 9. c4 g6 10. Nc3 Bg7 11. b3 Bd7 12. Bb2 Nf6 13. Rc1 O-O 14. h3 Re8 15.
Rc2 Qa5 16. a4 Qg5 17. Bc1 Qh5 18. Qd3 Bc6 19. b4 Nd7 20. f4 a5 21. b5 Nc5 22.
Qe3 e5 23. Nde2 Bxe4 24. Ng3 exf4 25. Qxf4 Bxc2 26. Rxe8+ Rxe8 27. Nxh5 Re1+ 28.
Kh2 Be5 29. Nf6+ Kh8 30. Qxe5 dxe5 31. Bh6 Bd3 32. Ncd5 Bxc4 33. Nc7 Ne4 34. Ng4
f6 35. Ne8 Kg8 36. Nexf6+ Nxf6 37. Nxf6+ Kf7 38. Nxh7 Re2 39. Kg1 Bb3 40. Ng5+
Ke7 41. Kf1 Rc2 42. Bg7 Bxa4 43. b6 Bb5+ 44. Kg1 Bc6 45. g4 e4 46. Bd4 a4 47. h4
a3 48. h5 gxh5 49. gxh5 a2 50. h6 a1=Q+ 51. Bxa1 Rc1+ 0-1

[Event "5th Cairns Cup 2025"]
[Site "Saint Louis USA"]
[Date "2025.06.11"]
[Round "2.3"]
[White "Kashlinskaya, Alina"]
[Black "Yip, Carissa"]
[Result "1/2-1/2"]
[WhiteTitle "IM"]
[BlackTitle "IM"]
[WhiteElo "2459"]
[BlackElo "2431"]
[WhiteFideId "4198026"]
[BlackFideId "2090732"]
[EventDate "2025.06.10"]

1. e4 e5 2. Nf3 Nc6 3. Bb5 a6 4. Ba4 Nf6 5. O-O Be7 6. Re1 b5 7. Bb3 d6 8. c3
O-O 9. h3 Bb7 10. d4 Re8 11. Nbd2 Bf8 12. a4 exd4 13. cxd4 Na5 14. Bc2 b4 15. b3
g6 16. Bd3 Bg7 17. Bb2 Nd7 18. Qc2 Rc8 19. Nc4 Nxc4 20. Bxc4 Nb6 21. d5 Bxb2 22.
Qxb2 c6 23. dxc6 Nxc4 24. bxc4 Bxc6 25. Qxb4 Rxe4 26. Rxe4 Bxe4 27. Nd2 Ba8 28.
Re1 a5 29. Qb2 Qg5 30. Ne4 Bxe4 31. Rxe4 Qc5 32. Qf6 Qb4 33. Rf4 Qe1+ 34. Kh2
Qe6 35. Qxe6 fxe6 36. Kg3 Rb8 37. Rf6 Re8 38. Rf3 Rc8 39. Rd3 Rc6 40. f4 Kf7 41.
Kf3 h5 42. Ke3 Rxc4 43. Rxd6 Rxa4 44. Rd7+ Kf6 45. g4 hxg4 46. hxg4 g5 47. fxg5+
Kxg5 48. Rd6 Ra1 49. Kf3 Ra3+ 50. Ke4 Ra4+ 51. Kf3 Ra3+ 52. Ke4 Ra1 53. Kf3 Kf6
54. g5+ Kf5 55. g6 Ra3+ 56. Kf2 Kxg6 57. Rxe6+ Kf5 58. Ra6 Ke4 59. Ke2 Ra2+ 60.
Kd1 Kd3 61. Kc1 Kc3 62. Kb1 Rb2+ 63. Ka1 Rb5 64. Ka2 Kb4 65. Rh6 Rc5 66. Rh4+
Rc4 67. Rxc4+ Kxc4 68. Ka3 Kb5 69. Kb3 a4+ 70. Ka3 Ka5 71. Ka2 Kb4 72. Kb2 a3+
73. Ka2 Ka4 74. Ka1 Kb3 75. Kb1 a2+ 76. Ka1 Kc2 77. Kxa2 1/2-1/2

[Event "5th Cairns Cup 2025"]
[Site "Saint Louis USA"]
[Date "2025.06.11"]
[Round "2.4"]
[White "Tan, Zhongyi"]
[Black "Koneru, Humpy"]
[Result "1/2-1/2"]
[WhiteTitle "GM"]
[BlackTitle "GM"]
[WhiteElo "2546"]
[BlackElo "2543"]
[WhiteFideId "8603642"]
[BlackFideId "5008123"]
[EventDate "2025.06.10"]

1. e4 e5 2. Bc4 Nf6 3. Nc3 Nc6 4. d3 Bb4 5. Nf3 d5 6. exd5 Nxd5 7. O-O Bxc3 8.
bxc3 O-O 9. Bd2 Bg4 10. h3 Bh5 11. a4 Nb6 12. Bb5 f5 13. a5 e4 14. axb6 exf3 15.
Re1 Qh4 16. Ra4 f4 17. Bxc6 bxc6 18. b7 Rab8 19. Re5 g6 20. Qf1 fxg2 21. Qxg2
Rxb7 22. Rb4 Rxb4 23. cxb4 f3 24. Qg3 Qxg3+ 25. fxg3 f2+ 26. Kf1 Bd1 27. Bh6 Rf5
28. Rxf5 gxf5 29. c3 Bc2 30. d4 Kf7 31. Kxf2 Ke6 32. Ke3 Kd5 33. Bf4 Kc4 34. Kd2
Be4 35. Bxc7 Bg2 36. h4 h5 37. Bf4 a6 38. Be3 Bf3 39. Bf4 Bg2 40. Be3 Bf3 41.
Bf4 Bg2 1/2-1/2

[Event "5th Cairns Cup 2025"]
[Site "Saint Louis USA"]
[Date "2025.06.11"]
[Round "2.5"]
[White "Batsiashvili, Nino"]
[Black "Dronavalli, Harika"]
[Result "1/2-1/2"]
[WhiteTitle "GM"]
[BlackTitle "GM"]
[WhiteElo "2462"]
[BlackElo "2483"]
[WhiteFideId "13602993"]
[BlackFideId "5015197"]
[EventDate "2025.06.10"]

1. d4 d5 2. c4 e6 3. Nc3 Nf6 4. cxd5 exd5 5. Bg5 Be6 6. e3 Nbd7 7. Bd3 c6 8. h3
Be7 9. Nf3 O-O 10. O-O Ne8 11. Bf4 Nd6 12. Qc2 g6 13. Rac1 Rc8 14. Na4 Bf5 15.
Bxd6 Bxd3 16. Bxe7 Bxc2 17. Bxd8 Bxa4 18. Bh4 Bb5 19. Rfe1 Rfe8 20. Rc3 Re6 21.
Nd2 h6 22. f3 Rce8 23. Bf2 f5 24. a4 Bxa4 25. Ra1 Nb6 26. Nb3 R6e7 27. Nc5 Bb5
28. Rxa7 Nc4 29. Rxb7 Nxb2 30. Rxe7 Rxe7 31. Ra3 Kf7 32. Ra1 Nd3 33. Nxd3 Bxd3
34. Ra3 Bc4 35. Bg3 g5 36. Be5 Rb7 37. Ra8 Rb1+ 38. Kh2 Rb2 39. Rh8 Bf1 40. Rxh6
Bxg2 41. Rf6+ Ke8 42. Rxf5 Bxf3+ 43. Kg3 Be4 44. Rxg5 Rg2+ 45. Kh4 Rxg5 46. Kxg5
Kf7 47. h4 Kg8 48. h5 Kf7 49. h6 Ke6 50. Kf4 Bh7 51. Bg7 Be4 52. Be5 Bh7 53. Bg7
Be4 54. Be5 Bh7 1/2-1/2

[Event "5th Cairns Cup 2025"]
[Site "Saint Louis USA"]
[Date "2025.06.13"]
[Round "4.1"]
[White "Kashlinskaya, Alina"]
[Black "Batsiashvili, Nino"]
[Result "1/2-1/2"]
[WhiteTitle "IM"]
[BlackTitle "GM"]
[WhiteElo "2459"]
[BlackElo "2462"]
[WhiteFideId "4198026"]
[BlackFideId "13602993"]
[EventDate "2025.06.10"]

1. d4 d5 2. c4 e6 3. Nc3 Be7 4. Nf3 Nf6 5. Bg5 O-O 6. e3 Nbd7 7. Rc1 h6 8. Bf4
c5 9. dxc5 Nxc5 10. a3 a6 11. cxd5 Nxd5 12. Nxd5 exd5 13. Be2 Bg4 14. O-O Ne6
15. Be5 Bf6 16. Bxf6 Qxf6 17. b4 Rad8 18. h3 Bh5 19. Nd4 Bxe2 20. Nxe2 d4 21.
Nxd4 Nxd4 22. exd4 Rxd4 23. Qe2 Rfd8 24. Rcd1 Rxd1 25. Rxd1 Rxd1+ 26. Qxd1 Qc3
27. Qd8+ Kh7 28. Qe7 Qc1+ 29. Kh2 Qf4+ 30. Kg1 Qc1+ 31. Kh2 Qf4+ 32. Kg1 Qc1+
33. Kh2 1/2-1/2

[Event "5th Cairns Cup 2025"]
[Site "Saint Louis USA"]
[Date "2025.06.13"]
[Round "4.2"]
[White "Koneru, Humpy"]
[Black "Assaubayeva, Bibisara"]
[Result "1-0"]
[WhiteTitle "GM"]
[BlackTitle "IM"]
[WhiteElo "2543"]
[BlackElo "2509"]
[WhiteFideId "5008123"]
[BlackFideId "13708694"]
[EventDate "2025.06.10"]

1. d4 Nf6 2. c4 c6 3. Nf3 d5 4. e3 Bf5 5. Nc3 e6 6. Nh4 Be4 7. f3 Bg6 8. Bd2
Nbd7 9. cxd5 Nxd5 10. Nxg6 hxg6 11. Qb3 Qb6 12. Bc4 Bd6 13. Ne4 Be7 14. O-O-O
Qxb3 15. Bxb3 O-O-O 16. h3 c5 17. Nc3 Nb4 18. Kb1 Nf6 19. Ne2 Kb8 20. e4 Ka8 21.
Bf4 cxd4 22. Nxd4 Rh5 23. g4 Rhh8 24. h4 Na6 25. g5 Nd7 26. Bxe6 fxe6 27. Nxe6
Ndc5 28. Nxd8 Bxd8 29. Be5 Ne6 30. f4 Rf8 31. Rhf1 Bc7 32. Bxc7 Nexc7 33. f5
gxf5 34. exf5 Nc5 35. f6 1-0

[Event "5th Cairns Cup 2025"]
[Site "Saint Louis USA"]
[Date "2025.06.13"]
[Round "4.3"]
[White "Muzychuk, Mariya"]
[Black "Yip, Carissa"]
[Result "1-0"]
[WhiteTitle "GM"]
[BlackTitle "IM"]
[WhiteElo "2492"]
[BlackElo "2431"]
[WhiteFideId "14114550"]
[BlackFideId "2090732"]
[EventDate "2025.06.10"]

1. d4 d6 2. e4 Nf6 3. Nc3 g6 4. f4 Bg7 5. Nf3 O-O 6. Bd3 Nc6 7. d5 Nb4 8. Be2 e6
9. a3 Na6 10. Bxa6 bxa6 11. dxe6 Bxe6 12. O-O Qb8 13. Qd3 Qb7 14. Be3 Rfe8 15.
Bd4 Rad8 16. f5 gxf5 17. exf5 Bd7 18. Bxf6 Bxf6 19. Nd5 Bg7 20. f6 Bh6 21. Ne7+
Kh8 22. Nd4 Rg8 23. Nxg8 Rxg8 24. Qf3 Qb6 25. c3 Qxb2 26. Rae1 Bg4 27. Qd3 Bf5
28. Qe2 Qxe2 29. Rxe2 Bd3 30. Re7 Bxf1 31. Kxf1 Bg5 32. Rxf7 Rg6 33. Rf8+ Rg8
34. Rf7 Rg6 35. Rxc7 Bxf6 36. Rxa7 Bxd4 37. cxd4 Rg4 38. Rxa6 Rxd4 39. Ke2 Kg7
40. Ke3 Rd1 41. a4 Kf6 42. a5 h6 43. Ra8 Ra1 44. Kd4 Ra2 45. a6 Kg7 46. h3 Rxg2
47. Rd8 Ra2 48. Rxd6 h5 49. Kc5 Kf7 50. Kb6 Rb2+ 51. Kc7 Ke7 52. Rb6 Ra2 53. Kb7 1-0

[Event "5th Cairns Cup 2025"]
[Site "Saint Louis USA"]
[Date "2025.06.13"]
[Round "4.4"]
[White "Dzagnidze, Nana"]
[Black "Dronavalli, Harika"]
[Result "0-1"]
[WhiteTitle "GM"]
[BlackTitle "GM"]
[WhiteElo "2505"]
[BlackElo "2483"]
[WhiteFideId "13601903"]
[BlackFideId "5015197"]
[EventDate "2025.06.10"]

1. d4 d5 2. Nf3 Nf6 3. e3 e6 4. Bd3 Bd6 5. b3 b6 6. Bb2 Bb7 7. O-O O-O 8. Ne5
Nbd7 9. f4 Ne4 10. Bxe4 dxe4 11. c4 f6 12. Nxd7 Qxd7 13. Nc3 Rfd8 14. Qc2 f5 15.
Rad1 Bf8 16. Rf2 Qf7 17. g4 fxg4 18. Nxe4 Be7 19. Rdf1 Qf5 20. d5 Bf8 21. Rg2
Rd7 22. h3 h5 23. hxg4 hxg4 24. Bd4 Re8 25. Nc3 Qxc2 26. Rxc2 exd5 27. cxd5 c5
28. dxc6 Bxc6 29. Kf2 Bf3 30. Ne2 Be4 31. Rc3 Bb4 32. Rc4 Be7 33. Rfc1 Bh4+ 34.
Ng3 Bf3 35. Rc8 Rxc8 36. Rxc8+ Kh7 37. Rc1 Bb7 38. Rc3 Kg6 39. Rc1 Kf7 40. Rc4
g6 41. Rc3 Ke6 42. Rc1 Rh7 43. Rc2 Be4 44. f5+ gxf5 45. Rc1 Bxg3+ 46. Kxg3 Rh3+
47. Kf4 g3 0-1

[Event "5th Cairns Cup 2025"]
[Site "Saint Louis USA"]
[Date "2025.06.13"]
[Round "4.5"]
[White "Tan, Zhongyi"]
[Black "Lee, Alice"]
[Result "1/2-1/2"]
[WhiteTitle "GM"]
[BlackTitle "IM"]
[WhiteElo "2546"]
[BlackElo "2389"]
[WhiteFideId "8603642"]
[BlackFideId "30941822"]
[EventDate "2025.06.10"]

1. d4 d5 2. c4 e6 3. Nc3 h6 4. Nf3 Nf6 5. e3 a6 6. b3 c5 7. Bb2 cxd4 8. Nxd4
dxc4 9. Bxc4 Bd6 10. a4 O-O 11. O-O Qe7 12. Qc2 Bd7 13. Ne4 Nxe4 14. Qxe4 Nc6
15. Rad1 Rad8 16. h3 Na5 17. Be2 f5 18. Qd3 e5 19. Nxf5 Bxf5 20. Qd5+ Kh8 21.
Qxa5 Qg5 22. Bg4 Bxg4 23. hxg4 Qxg4 24. Bxe5 Qg5 25. f4 Qe7 26. Bd4 Bxf4 27.
Rxf4 Rxf4 28. Qxd8+ Qxd8 29. Bxg7+ Kxg7 30. Rxd8 Rb4 31. Rd3 b5 32. a5 Kf6 33.
Kf2 Ke5 34. Kf3 h5 35. Rc3 Kd5 36. Rd3+ Ke5 37. Kf2 Rg4 38. Rd8 Rb4 39. Ra8 Rxb3
40. Rxa6 Ra3 41. Kf3 b4 42. Rb6 Rxa5 43. Rxb4 Kf5 44. e4+ Kg5 45. Rb3 Ra1 46.
Rb5+ Kg6 47. Rb8 Rf1+ 48. Kg3 h4+ 49. Kh3 Rf4 50. Re8 Kf7 51. Re5 Kg6 52. Re6+
Kf7 53. Rh6 Rxe4 54. Rxh4 Re3+ 55. Kg4 Kg6 56. Rh8 Re4+ 57. Kf3 Ra4 58. Rb8 Ra3+
59. Kg4 Ra4+ 60. Kh3 Ra3+ 61. Kh4 Ra4+ 62. g4 Ra6 63. Rc8 Rd6 64. Rb8 Ra6 65.
Rc8 Rd6 66. Rb8 Ra6 1/2-1/2